Type the Alphabet - Statistics

General Stats
  • This quiz has been taken 16 times
  • The average score is 23 of 26
Answer Stats
Numbers Letter % Correct
1 a
100%
2 b
100%
3 c
93%
4 d
93%
5 e
86%
6 f
86%
7 g
86%
8 h
86%
9 i
86%
10 j
86%
11 k
86%
12 l
86%
13 m
86%
14 n
86%
15 o
86%
16 p
86%
17 q
86%
18 r
86%
19 s
86%
20 t
86%
21 u
86%
22 v
86%
23 w
86%
24 x
86%
25 y
86%
26 z
86%
No matching quizzes found
Score Distribution
Percent of People with Each Score
Percentile by Number Answered
Your Score History
You have not taken this quiz